El tratamiento concursal frente a los cheques de pago diferido conforme el art. 54 de la ley de cheques. (Registro nro. 30919)
[ vista simple ]
| 000 -LEADER | |
|---|---|
| fixed length control field | 00394 a2200109 4500 |
| 001 - CONTROL NUMBER | |
| control field | ART_55651 |
| 005 - DATE AND TIME OF LATEST TRANSACTION | |
| control field | 20260410161957.0 |
| 008 - FIXED-LENGTH DATA ELEMENTS--GENERAL INFORMATION | |
| fixed length control field | 260409a |
| 100 1# - MAIN ENTRY--PERSONAL NAME | |
| Personal name | Dasso, Ariel G. |
| 245 10 - TITLE STATEMENT | |
| Title | El tratamiento concursal frente a los cheques de pago diferido conforme el art. 54 de la ley de cheques. |
| 773 0# - HOST ITEM ENTRY | |
| Title | Temas de derecho comercial |
| Related parts | - Año 8, N° 4 (abr. 2022) |
| Record control number | REV28151 |
No hay ítems disponibles.